| 000 | 01208cam a2200301 a 4500 | ||
|---|---|---|---|
| 001 | 531511 | ||
| 005 | 20070430113424.0 | ||
| 008 | 870121s1988 enka b 001 0 eng | ||
| 010 | _a87001658 | ||
| 020 |
_a0198561520 (pbk.) _c$29.50 |
||
| 020 |
_a0198561555 (hard) _c$55.00 |
||
| 040 |
_aDLC _cDLC _dDLC |
||
| 050 | 0 | 0 |
_aTA455.P58 _bM334 1988 |
| 082 | 0 | 0 |
_a668.9 _219 _bMCC |
| 100 | 1 |
_aMcCrum, N. G. _96442 |
|
| 245 | 1 | 0 |
_aPrinciples of Polymer Engineering / _cN.G. McCrum, C.P. Buckley, C.B. Bucknall. |
| 260 |
_aOxford [Oxfordshire] ; _aNew York : _bOxford University Press, _cc1988. |
||
| 300 |
_axii, 391 p. : _bill. ; _c24 cm. |
||
| 500 | _a | ||
| 504 | _aIncludes bibliographical references: p. 375-377and index. | ||
| 650 | 0 |
_aPolymer engineering. _96443 |
|
| 700 | 1 |
_aBuckley, C. P. _96444 |
|
| 700 | 1 |
_aBucknall, C. B. _96445 |
|
| 856 | 4 | 2 |
_3Publisher description _uhttp://www.loc.gov/catdir/enhancements/fy0640/87001658-d.html |
| 856 | 4 | 1 |
_3Table of contents only _uhttp://www.loc.gov/catdir/enhancements/fy0640/87001658-t.html |
| 942 |
_2ddc _cBB |
||
| 999 |
_c11893 _d11893 |
||